Покуда есть Россия (Запись № 673707)

Подробности
000 -МАРКЕР
контрольное поле 01869nam0a2200349 4500
001 - ИДЕНТИФИКАТОР ЗАПИСИ
контрольное поле RU\NLR\bibl\1324731
005 - ИДЕНТИФИКАТОР ВЕРСИИ
контрольное поле 20260406025753.0
010 ## - МЕЖДУНАРОДНЫЙ СТАНДАРТНЫЙ НОМЕР КНИГИ (ISBN)
Номер (ISBN) 5-87994-109-4
Тираж 90000
035 ## - ДРУГИЕ СИСТЕМНЫЕ НОМЕРА
Идентификатор записи (NLR Aleph) 001310043
100 ## - ДАННЫЕ ОБЩЕЙ ОБРАБОТКИ
Данные общей обработки 20090204d1995 |||y0rusy50 ca
101 0# - ЯЗЫК РЕСУРСА
Язык текста, звукозаписи и т.д. русский
102 ## - СТРАНА ПУБЛИКАЦИИ ИЛИ ПРОИЗВОДСТВА
Страна публикации Российская Федерация
105 ## - ПОЛЕ КОДИРОВАННЫХ ДАННЫХ: ТЕКСТОВЫЕ МАТЕРИАЛЫ, МОНОГРАФИЧЕСКИЕ
Кодированные данные о монографическом текстовом документе c |||||||||
200 1# - ЗАГЛАВИЕ И СВЕДЕНИЯ ОБ ОТВЕТСТВЕННОСТИ
Основное заглавие Покуда есть Россия
Сведения, относящиеся к заглавию [роман]
Первые сведения об ответственности Б.Е. Тумасов
210 ## - ПУБЛИКАЦИЯ, РАСПРОСТРАНЕНИЕ И ДР.
Место издания, распространения и т.д. Москва
Имя издателя, распространителя и т. д. АРМАДА
Дата издания, распространения и т.д. 1995
215 ## - ФИЗИЧЕСКАЯ ХАРАКТЕРИСТИКА
Специфическое обозначение материала и объем 597, [2] с.
Другие сведения о физической характеристике портр.
Размеры 21
225 1# - СЕРИЯ
Основное заглавие серии Романовы. Династия в романах
Наименование части Александр II
Сведения об ответственности сост. И.В. Новиков
300 ## - ОБЩИЕ ПРИМЕЧАНИЯ
Текст примечания На обл. и суперобл. только загл. сер.
300 ## - ОБЩИЕ ПРИМЕЧАНИЯ
Текст примечания На 585 с. авт.: Краснов П.Н. - генерал-лейтенат царской армии.
320 ## - ПРИМЕЧАНИЯ О НАЛИЧИИ В ДОКУМЕНТЕ БИБЛИОГРАФИИ / УКАЗАТЕЛЯ
Текст примечания Др. работы авт.: с. 579, 585-586
423 #0 - ИЗДАЕТСЯ В ОДНОЙ ОБЛОЖКЕ ВМЕСТЕ С ...
Встроенное поле 2001#$aЦареубийцы$e[роман]$fП.Н. Краснов$g[К сб. в целом: коммент. Л.К. Осиповой]
-- 700#1$3RU\NLR\auth\7745291$aКраснов$bП. Н.$cвоен. деятель, писатель$f1869-1947$gПетр Николаевич$4070
-- 210##$aМосква$d1995
-- 215##$aС. 259-578
Заглавие Цареубийцы
Автор Краснов, Петр Николаевич (воен. деятель, писатель ; 1869-1947)
600 #0 - ИМЯ ЛИЦА КАК ПРЕДМЕТ
Начальный элемент ввода Александр
Дополнения к именам, кроме дат император российский
Римские цифры II
Даты 1818 - 1881
Тематический подзаголовок в художественной литературе
Системный номер авторитетной/нормативной записи 923635
Идентификатор авторитетной/нормативной записи RU\NLR\AUTH\6620184
686 ## - ИНДЕКСЫ ДРУГИХ КЛАССИФИКАЦИЙ
Индекс Ш6(2=Р)-94
700 #1 - ИМЯ ЛИЦА - ПЕРВИЧНАЯ ОТВЕТСТВЕННОСТЬ
Код отношения Автор
Материалы, к которым относится поле rus
Графика поля Кириллица
Начальный элемент ввода Тумасов
Часть имени, кроме начального элемента ввода Б.Е.
Даты 1926-
Расширение инициалов личного имени Борис Евгеньевич
Идентификатор авторитетной/нормативной записи RU\NLR\auth\77231
Системный номер авторитетной/нормативной записи 110290
801 #0 - ИСТОЧНИК ЗАПИСИ
Страна Российская Федерация
Организация NLR
Дата составления 20090204
Правила каталогизации RCR
801 #1 - ИСТОЧНИК ЗАПИСИ
Страна Российская Федерация
Организация NLR
Дата составления 20090204
942 ## - ДОПОЛНИТЕЛЬНЫЕ ЭЛЕМЕНТЫ ЗАПИСИ (АБИС)
Тип экземпляра АБИС Книга
980 ## - КОЛЛЕКЦИЯ
Название коллекции Национальная библиография
Экземпляры
Тип экземпляра Дата поступления Источник поступления Библиотека постоянного хранения Библиотека текущего хранения Место хранения Шифр хранения Штрих-код Статус экземпляра
Книга 04.02.2009 Подсобные фонды РНБ РНБ (Московский) РНБ (Московский) Русский книжный фонд: издания с 1957 года 2009-3/2853 2844093  
Книга 30.07.2015 Источник неизвестен РНБ (Фонтанка) РНБ (Фонтанка) Юношеский читальный зал Ю С/Т-93 1-161082